Every Single Team Cristiano Ronaldo Has Scored Against (2026) - Statistics

General Stats
  • This quiz has been taken 16 times
    8 since last reset
  • The average score is 102 of 225
Answer Stats
Tournaments Country of the Team Goals Scored Team % Correct
La Liga (9), Copa del Rey (5), Supercopa de España (4) Spain 20 Futbol Club Barcelona
100%
UEFA Champions League (2) Spain Futbol Club Barcelona
100%
Premier League (2) England 3 Liverpool Football Club
100%
UEFA Champions League (1) England Liverpool Football Club
100%
Premier League (7), FA Cup (1) England 8 Newcastle United Football Club
100%
La Liga (25), UEFA Super Cup (2) Spain 27 Sevilla Fútbol Club
100%
La Liga (13) Spain 15 Villarreal Club de Fútbol
100%
UEFA Champions League (2) Spain Villarreal Club de Fútbol
100%
Serie A (2), Coppa Italia (1), Supercoppa Italiana (1) Italy 6 Associazione Calcio Milan
86%
UEFA Champions League (1) Italy Associazione Calcio Milan
86%
UEFA Champions League (1) Italy Associazione Calcio Milan
86%
Serie A (4), Coppa Italia (1) Italy 10 Associazione Sportiva Roma
86%
UEFA Champions League (3) Italy Associazione Sportiva Roma
86%
UEFA Champions League (2) Italy Associazione Sportiva Roma
86%
Premier League (8), FA Cup (1) England 9 Aston Villa Football Club
86%
Premier League (1) England 1 Brentford Football Club
86%
Premier League (1), UEFA Champions League (1) England 2 Chelsea Football Club
86%
La Liga (12), Copa del Rey (6), UEFA Champions League (4) Spain 25 Club Atlético de Madrid
86%
UEFA Champions League (3) Spain Club Atlético de Madrid
86%
UEFA Champions League (9) Germany 9 Fußball-Club Bayern München
86%
La Liga (23) Spain 23 Getafe Club de Fútbol
86%
UEFA Champions League (10) Italy 10 Juventus Football Club
86%
Premier League (3), FA Cup (1) England 5 Manchester City Football Club
86%
UEFA Champions League (1) England Manchester City Football Club
86%
UEFA Champions League (2) England 3 Manchester United Football Club
86%
UEFA Champions League (1) England Manchester United Football Club
86%
UEFA Champions League (3) France 3 Paris Saint-Germain Football Club
86%
La Liga (6) Spain 6 Real Betis Balompié
86%
La Liga (15), Copa del Rey (5) Spain 20 Real Club Celta de Vigo
86%
La Liga (7) Spain 7 Real Club Deportivo Mallorca
86%
La Liga (15) Spain 15 Real Sociedad de Fútbol
86%
Serie A (5) Italy 5 Società Sportiva Lazio
86%
Premier League (7), UEFA Champions League (2) England 9 The Arsenal Football Club
86%
La Liga (15) Spain 15 Valencia Club de Fútbol
86%
Saudi Pro League (3), Arab Club Champions Cup (2), Saudi Super Cup (1) Saudi Arabia 6 Al Hilal Saudi Football Club
71%
Saudi Pro League (6) Saudi Arabia 6 Al-Ittihad Saudi Football Club
71%
UEFA Champions League (7) Netherlands 9 Amsterdamsche Football Club Ajax
71%
UEFA Champions League (2) Netherlands Amsterdamsche Football Club Ajax
71%
Serie A (3) Italy 3 Associazione Calcio Firenze Fiorentina
71%
Serie A (3) Italy 6 Atalanta Bergamasca Calcio
71%
UEFA Champions League (3) Italy Atalanta Bergamasca Calcio
71%
UEFA Champions League (7) Germany 7 Ballspielverein Borussia 09 e. V. Dortmund
71%
Premier League (2) England 2 Birmingham City Football Club
71%
Serie A (2) Italy 2 Bologna Football Club 1909
71%
Premier League (6) England 6 Bolton Wanderers Football Club
71%
Premier League (1) England 1 Burnley Football Club
71%
Premier League (5), FA Cup (1) England 6 Everton Football Club
71%
Premier League (7) England 7 Fulham Football Club
71%
UEFA Champions League (6) Turkey 6 Galatasaray Spor Kulübü
71%
Serie A (5) Italy 5 Genoa Cricket and Football Club
71%
La Liga (17) Spain 17 Málaga Club de Fútbol
71%
UEFA Champions League (4) France 4 Olympique de Marseille
71%
UEFA Champions League (3) France 6 Olympique Lyonnais
71%
UEFA Champions League (2) France Olympique Lyonnais
71%
UEFA Champions League (1) France Olympique Lyonnais
71%
La Liga (15) Spain 15 Reial Club Deportiu Espanyol de Barcelona
71%
FIFA World Cup Qualifier (2), FIFA Confederations Cup (1) National Team 3 Russia National Team
71%
Serie A (3), Supercoppa Italiana (1) Italy 4 Società Sportiva Calcio Napoli
71%
UEFA Champions League (2) Portugal 3 Sporting Clube de Portugal
71%
UEFA Champions League (1) Portugal Sporting Clube de Portugal
71%
Premier League (8), FA Cup (2) England 14 Tottenham Hotspur Football Club
71%
UEFA Champions League (4) England Tottenham Hotspur Football Club
71%
La Liga (7) Spain 7 Unión Deportiva Almería
71%
Premier League (6) England 6 West Ham United Football Club
71%
International Friendly (1) National Team 1 Argentina National Team
57%
La Liga (17) Spain 17 Athletic Club "Bilbao"
57%
UEFA Champions League (2) Germany 2 Bayer 04 Leverkusen
57%
Premier League (3) England 3 Blackburn Rovers Football Club
57%
Premier League (1) England 1 Brighton & Hove Albion Football Club
57%
La Liga (11), Copa del Rey (1) Spain 12 Club Atlético Osasuna
57%
International Friendly (1), UEFA Nations League (1) National Team 2 Croatia National Team
57%
International Friendly (1) National Team 1 Ecuador National Team
57%
La Liga (7) Spain 7 Elche Club de Fútbol
57%
International Friendly (1) National Team 1 Finland National Team
57%
UEFA Euro (2) National Team 2 France National Team
57%
UEFA Champions League (1) Portugal 1 Futebol Clube do Porto
57%
UEFA Euro (1), UEFA Nations League (1) National Team 2 Germany National Team
57%
UEFA Euro (1) National Team 1 Greece National Team
57%
Serie A (3) Italy 3 Hellas Verona Football Club
57%
UEFA Euro Qualifier (2) National Team 2 Iceland National Team
57%
FIFA World Cup Qualifier (2), International Friendly (2) National Team 4 Ireland National Team
57%
La Liga (11), Copa del Rey (3) Spain 14 Levante Unión Deportiva
57%
Serie A (6) Italy 6 Parma Calcio 1913
57%
UEFA Nations League (3), UEFA Euro Qualifier (1) National Team 4 Poland National Team
57%
Premier League (6) England 6 Portsmouth Football Club
57%
La Liga (12) Spain 12 Rayo Vallecano de Madrid
57%
La Liga (13) Spain 13 Real Club Deportivo de La Coruña
57%
La Liga (7) Spain 7 Real Zaragoza
57%
International Friendly (2) National Team 2 Saudi Arabia National Team
57%
UEFA Euro Qualifier (2), FIFA World Cup Qualifier (1) National Team 3 Slovakia National Team
57%
La Liga (7) Spain 7 Sociedad Deportiva Eibar
57%
FIFA World Cup (3), UEFA Nations League (1) National Team 4 Spain National Team
57%
Premier League (2) England 2 Stoke City Football Club
57%
Premier League (1) England 1 Sunderland Association Football Club
57%
FIFA World Cup Qualifier (4), UEFA Nations League (2), International Friendly (1) National Team 7 Sweden National Team
57%
Serie A (4) Italy 4 Torino Football Club
57%
UEFA Champions League (3) Germany 3 Verein für Leibesübungen Wolfsburg
57%
UEFA Euro (1) National Team 1 Wales National Team
57%
FA Cup (1), Premier League (1) England 2 Watford Football Club
57%
Saudi Pro League (3), Saudi Super Cup (1) Saudi Arabia 4 Al-Ahli Saudi Football Club
43%
Saudi Pro League (3) Saudi Arabia 3 Al-Ettifaq Club
43%
UEFA Euro Qualifier (2), International Friendly (1) National Team 3 Belgium National Team
43%
UEFA Euro Qualifier (4) National Team 4 Bosnia and Herzegovina National Team
43%
Serie A (8) Italy 8 Cagliari Calcio
43%
International Friendly (2) National Team 2 Cameroon National Team
43%
UEFA Champions League (3) Russia 3 Central Army Sports Club Moscow "CSKA"
43%
UEFA Euro Qualifier (2) National Team 2 Cyprus National Team
43%
UEFA Euro (2) National Team 2 Czech Republic National Team
43%
UEFA Euro Qualifier (3), UEFA Nations League (1) National Team 4 Denmark National Team
43%
La Liga (5) Spain 5 Deportivo Alavés
43%
Premier League (2), EFL Cup (1), FA Cup (1) England 4 Derby County Football Club
43%
FIFA World Cup Qualifier (2), International Friendly (2) National Team 4 Estonia National Team
43%
UEFA Champions League (3) Ukraine 4 Football Club Dynamo Kyiv
43%
UEFA Champions League (1) Ukraine Football Club Dynamo Kyiv
43%
UEFA Champions League (5) Ukraine 5 Football Club Shakhtar Donetsk
43%
UEFA Champions League (7) Germany 7 Fußballclub Gelsenkirchen-Schalke 04
43%
FIFA World Cup (2) National Team 2 Ghana National Team
43%
La Liga (12) Spain 12 Granada Club de Fútbol
43%
FIFA World Cup Qualifier (5), UEFA Euro (4) National Team 9 Hungary National Team
43%
FIFA World Cup (1) National Team 1 Iran National Team
43%
FIFA World Cup Qualifier (5) National Team 5 Latvia National Team
43%
UEFA Euro Qualifier (7) National Team 7 Lithuania National Team
43%
FIFA World Cup Qualifier (6), UEFA Euro Qualifier (4), International Friendly (1) National Team 11 Luxembourg National Team
43%
FIFA World Cup (1) National Team 1 Morocco National Team
43%
International Friendly (2), UEFA Euro (2) National Team 4 Netherlands National Team
43%
FIFA Confederations Cup (1) National Team 1 New Zealand National Team
43%
FIFA World Cup Qualifier (3) National Team 3 Northern Ireland National Team
43%
FIFA World Cup (1) National Team 1 North Korea National Team
43%
Premier League (4) England 4 Norwich City Football Club
43%
Premier League (4) England 4 Reading Football Club
43%
La Liga (6) Spain 6 Real Sporting de Gijón
43%
La Liga (3) Spain 3 Real Valladolid Club de Fútbol
43%
UEFA Nations League (1) National Team 1 Scotland National Team
43%
UEFA Euro Qualifier (1) National Team 1 Serbia National Team
43%
FA Cup (1), Premier League (1) England 2 Southampton Football Club
43%
UEFA Nations League (5) National Team 5 Switzerland National Team
43%
UEFA Euro Qualifier (1) National Team 1 Ukraine National Team
43%
Serie A (1) Italy 1 Unione Sportiva Lecce
43%
Serie A (6) Italy 6 Unione Sportiva Sassuolo Calcio
43%
Premier League (6), EFL Cup (1) England 7 Wigan Athletic Football Club
43%
Saudi Pro League (6) Saudi Arabia 6 Al-Okhdood Club
29%
Saudi Pro League (10) Saudi Arabia 10 Al-Wehda Football Club
29%
FIFA World Cup Qualifier (5), International Friendly (1) National Team 6 Andorra National Team
29%
UEFA Euro Qualifier (5), FIFA World Cup Qualifier (2) National Team 7 Armenia National Team
29%
UEFA Champions League (6) Cyprus 6 Athletikos Podosferikos Omilos Ellinon Lefkosias "APOEL"
29%
UEFA Euro Qualifier (2) National Team 2 Azerbaijan National Team
29%
Premier League (1) England 1 Charlton Athletic Football Club
29%
FIFA Club World Cup (1) Mexico 1 Club de Fútbol América
29%
International Friendly (2) National Team 2 Egypt National Team
29%
Serie A (2) Italy 2 Empoli Football Club
29%
UEFA Champions League (1) Hungary 1 Ferencvárosi Torna Club
29%
UEFA Champions League (2) Switzerland 2 Football Club Basel 1893
29%
Serie A (2) Italy 2 Football Club Crotone
29%
La Liga (4) Spain 4 Girona Futbol Club
29%
La Liga (2) Spain 2 Hércules de Alicante Club de Fútbol
29%
Premier League (2) England 2 Hull City Association Football Club
29%
International Friendly (1) National Team 1 Israel National Team
29%
UEFA Euro Qualifier (2) National Team 2 Kazakhstan National Team
29%
UEFA Euro Qualifier (3) National Team 3 Liechtenstein National Team
29%
UEFA Champions League (6) Sweden 6 Malmö Fotbollförening
29%
FA Cup (2), Premier League (2), EFL Cup (1) England 5 Middlesbrough Football Club
29%
Saudi Pro League (1) Saudi Arabia 1 Neom Sports Club
29%
International Friendly (1) National Team 1 Panama National Team
29%
UEFA Champions League (2) Bulgaria 2 Professional Football Club Ludogorets 1945
29%
International Friendly (1) National Team 1 Qatar National Team
29%
La Liga (6) Spain 6 Real Racing Club de Santander
29%
Serie A (3) Italy 3 Società Polisportiva Ars et Labor "SPAL"
29%
Serie A (3) Italy 3 Spezia Calcio
29%
Serie A (7) Italy 7 Udinese Calcio
29%
La Liga (3) Spain 3 Unión Deportiva Las Palmas
29%
Serie A (5) Italy 5 Unione Calcio Sampdoria
29%
Premier League (3), EFL Cup (1) England 4 West Bromwich Albion Football Club
29%
Saudi Pro League (4) Saudi Arabia 4 Abha Club
14%
Saudi Pro League (9) Saudi Arabia 9 Al-Fateh Sports Club
14%
Saudi Pro League (4) Saudi Arabia 4 Al-Hazem Saudi Club
14%
Saudi Pro League (5), King's Cup (2) Saudi Arabia 7 Al-Khaleej Football Club
14%
Saudi Pro League (2) Saudi Arabia 2 Al-Kholood Club
14%
Saudi Pro League (3) Saudi Arabia 3 Al-Najma Sport Club
14%
Saudi Pro League (1) Saudi Arabia 1 Al-Orobah Football Club
14%
Saudi Pro League (4) Saudi Arabia 4 Al-Raed Saudi Football Club
14%
Saudi Pro League (5) Saudi Arabia 5 Al-Riyadh Saudi Club
14%
Saudi Pro League (6), King's Cup (1) Saudi Arabia 7 Al-Shabab Saudi Football Club
14%
Saudi Pro League (2), Saudi Super Cup (1) Saudi Arabia 3 Al-Taawoun Football Club
14%
Saudi Pro League (5) Saudi Arabia 5 Al-Tai Football Club
14%
AFC Champions League Elite (2) United Arab Emirates 2 Al-Wasl Football Club
14%
UEFA Champions League (1) France 1 Association de la Jeunesse Auxerroise
14%
UEFA Champions League (1) Switzerland 1 Berner Sport Club Young Boys
14%
Primeira Liga (1) Portugal 1 Boavista Futebol Clube
14%
La Liga (1) Spain 1 Club Deportivo Tenerife
14%
La Liga (1) Spain 1 Córdoba Club de Fútbol
14%
Saudi Pro League (7) Saudi Arabia 7 Damac Club
14%
FIFA World Cup Qualifier (4) National Team 4 Faroe Islands National Team
14%
Coppa Italia (2), Serie A (2) Italy 5 Football Club Internazionale Milano
14%
UEFA Champions League (1) Italy Football Club Internazionale Milano
14%
UEFA Champions League (3) Denmark 3 Football Club København
14%
UEFA Europa League (2) Moldova 2 Fotbal Club Sheriff Tiraspol
14%
FIFA Club World Cup (3) Japan 3 Kashima Antlers
14%
FA Cup (1) England 1 Millwall Football Club
14%
Primeira Liga (2) Portugal 2 Moreirense Futebol Clube
14%
La Liga (4) Spain 4 Xerez Club Deportivo
14%
Saudi Pro League (2) Saudi Arabia 2 Al-Adalah Football Club
0%
AFC Champions League Elite (2) United Arab Emirates 2 Al-Ain Football Club
0%
AFC Champions League Elite (2) Qatar 2 Al-Duhail Sports Club
0%
Saudi Pro League (5), AFC Champions League Elite (1) Saudi Arabia 6 Al-Fayha Club
0%
AFC Champions League Elite (2) Qatar 2 Al-Gharafa Sports Club
0%
FIFA Club World Cup (1) United Arab Emirates 1 Al-Jazira Club
0%
Saudi Pro League (2) Saudi Arabia 2 Al-Qadsiah Saudi Football Club
0%
AFC Champions League Elite (1) Qatar 1 Al-Rayyan Sports Club
0%
Arab Club Champions Cup (1) Iraq 1 Al-Shorta Sports Club
0%
Taça de Portugal (1) Portugal 1 Clube Desportivo de Estarreja
0%
UEFA Champions League Qualifier (1) Hungary 1 Debreceni Vasutas Sport Club
0%
AFC Champions League Elite (1) Iran 1 Esteghlal Football Club
0%
FA Cup (1) England 1 Exeter City Football Club
0%
AFC Champions League Elite (1) Tajikistan 1 Football Club Istiklol Dushanbe
0%
Serie A (2) Italy 2 Frosinone Calcio
0%
UEFA Champions League (2) Switzerland 2 Fussballclub Zürich
0%
Taça de Portugal (1) Portugal 1 Futebol Clube de Oliveira do Hospital
0%
FIFA Club World Cup (1) Japan 1 Gamba Osaka
0%
FIFA Club World Cup (1) Brazil 1 Grêmio Foot-Ball Porto Alegrense
0%
Arab Club Champions Cup (1) Morocco 1 Raja Club Athletic
0%
Copa del Rey (1) Spain 1 Real Murcia Club de Fútbol
0%
Copa del Rey (1) Spain 1 Sociedad Deportiva Ponferradina
0%
Arab Club Champions Cup (1) Tunisia 1 Union Sportive Monastirienne
0%
AFC Champions League Elite (1) Japan 1 Yokohama F·Marinos
0%
Arab Club Champions Cup (1) Egypt 1 Zamalek Sporting Club
0%
No matching quizzes found
Score Distribution
Percent of People with Each Score
Percentile by Number Answered
Your Score History
You have not taken this quiz since the last reset